000 01297nam a2200325 i 4500
003 EG-GICUC
005 20260121101219.0
008 251113s1950 ua ||||f |||| 00| 0 ara d
040 _a EG-GICUC
_bara
_c EG-GICUC
_d EG-GICUC
_erda
041 _aara
082 0 4 _221
_a345.81
_bع ث . ق
092 0 4 _221
099 _aLaw1 07 345.81 ع ث . ق 2 ed- 1950
100 0 _aعثمان خليل
_eمؤلف.
245 _aالقانون الإداري،
_nالجزء الثاني،
_pمجلس الدولة/
_cدكتور عثمان خليل
250 _aالطبعة الثانية
264 _aالقاهرة :
_bدار الفكر العربي،
_c1950.
300 _a364 صفحة
_bإيضاحيات، صور، مثيليات ؛
_c24 سم
336 _2rda content
_atext
337 _2rda media
_aComputer
338 _2rda carrier
_aOnline Resource
500 _aيشتمل علي ارجاعات ببليوجرافية
504 _a. 240-220 ببليوجرافيا: صفحات.
546 _aالنص أغلبه باللغة العربية بعض النصوص الإنجليزية والفرنسية
650 1 _aالقانون الإداري
_2qrmak
651 1 _2qrmak
856 4 0 _uhttps://fll.law.cu.edu.eg/fulltext/bks/B07-00673.pdf
905 _a74
942 _2ddc
_n0
_cBK
_e21
999 _c43138
_d43138